Komunikace s využitím menšin

Národnostné a etnické menšiny v reklame. Ochrana menšín zákonmi. Ochrana menšín Listinou základných práv a slobôd, mediálnym zákonom a zákonom o regulácii reklamy. Ženy v reklame a ochrana dobrých mravov. Tzv. politická reklama. Nedotknutosť náboženských symbolov a náboženského cítenia.

Guardado en:
Detalles Bibliográficos
Autor principal: Chlumská, Karla
Formato: Capítulo de libro
Lenguaje:checo
Materias:
Etiquetas: Agregar Etiqueta
Sin Etiquetas, Sea el primero en etiquetar este registro!

MARC

LEADER 00000naa$a2200000$$$4500
001 0042998
005 20231016105247.9
041 0 |a cze 
044 |a CZ 
245 1 0 |a Komunikace s využitím menšin  |c Karla Chlumská 
520 |a Národnostné a etnické menšiny v reklame. Ochrana menšín zákonmi. Ochrana menšín Listinou základných práv a slobôd, mediálnym zákonom a zákonom o regulácii reklamy. Ženy v reklame a ochrana dobrých mravov. Tzv. politická reklama. Nedotknutosť náboženských symbolov a náboženského cítenia. 
610 2 0 |a reklama 
610 2 0 |a komunikácia masová 
610 2 0 |a právo 
610 2 0 |a legislatíva 
610 2 0 |a menšiny národnostné 
610 2 0 |a náboženstvo 
610 2 0 |a morálka 
610 2 0 |a politika 
610 2 0 |a ženy 
100 1 |a Chlumská, Karla